|
|
|
|
| LEADER |
00000nab a2200000 4500 |
| 001 |
vtls008694881 |
| 003 |
SK-MaSNL |
| 005 |
20260303074011.0 |
| 008 |
041111 1960 xo r slo |
| 015 |
|
|
|a SNBRRADKK190120XX
|
| 035 |
|
|
|a CLAS02vtls000002141
|
| 040 |
|
|
|a SNKNBURBDKK
|b slo
|c SNKNBURBDKK
|e AACR2
|
| 041 |
0 |
|
|a slo
|
| 044 |
|
|
|a xo
|c SK
|
| 080 |
|
|
|a 02
|2 UDC-MRF-SK2
|
| 080 |
|
|
|a 93
|2 UDC-MRF-SK2
|
| 100 |
1 |
|
|a Veselý, D.
|4 aut
|9 1076479
|
| 245 |
1 |
0 |
|a Prehľad dejín a súčasného stavu sovietskeho a zahraničného knihovníctva
|c D. Veselý
|
| 500 |
|
|
|a Rubrika: Recenzie a zprávy -- Autor za textom
|
| 520 |
3 |
|
|a Autor článku hovorí o niektorých bibliografických dielach a sborníkoch, v ktorých sa píše o stave sovietského a zahraničného knihovníctva ako nap.: V. E. Vasilčenko: Istorija bibliotečnogo dela v SSSR. Učebnik dľa bibliotečnych inštitútov. Moskva 1958.; alebo M. B. Nabatovová . Stupnikovová: Bibliotekovedenije i bibliografija za rubežom - tento sborník obsahuje informatívnu stať o vedecko-technickej páci knižníc ČSR a vývoj u nás od oslobodenia a jej súčasný stav
|
| 650 |
0 |
7 |
|a dejiny knihovníctva
|x dejiny
|2 SNKNBURBDKK
|9 1076480
|
| 773 |
0 |
|
|t Knižničný sborník 1960
|d Martin: Matica slovenská, 1960, s. 250-256
|
| 856 |
4 |
1 |
|u http://www.viks.sk/dkk/KS60_250_256.doc
|y plný text
|
| 910 |
|
|
|a bdkk
|a memoriask
|
| 999 |
|
|
|c 1769821
|d 1771751
|